Geography Quiz

Random Geography or State Quiz

Most Visited US States Quiz Stats

Quiz Updated Aug 12, 2015

Challenge
Share
Tweet
Embed
Score 0/20 Timer 02:00
1 Play Today
Rank State % Correct
1New York
99.3%
3California
98.5%
2Florida
97.4%
6Texas
94.4%
13Washington
88.2%
11Arizona
79.8%
8Illinois
79.6%
12Georgia
77.4%
4Nevada
77.3%
7Massachusetts
75.5%
Rank State % Correct
4Hawaii
74.9%
9Pennsylvania
71.5%
17Virginia
71.1%
9New Jersey
68.5%
15Colorado
67%
19Michigan
66.4%
18Louisiana
66.1%
15North Carolina
65.7%
19Ohio
64.6%
14Utah
50.8%

You're not logged in!

Compare scores with friends on all Sporcle quizzes.
Join for Free
OR
Log In

You Might Also Like...

Show Comments

Extras

Top Quizzes Today


Score Distribution

Your Account Isn't Verified!

In order to create a playlist on Sporcle, you need to verify the email address you used during registration. Go to your Sporcle Settings to finish the process.

Report this User

Report this user for behavior that violates our Community Guidelines.

Details: